| 000 | 01193pam a2200337 a 4500 | ||
|---|---|---|---|
| 001 | 013045576 | ||
| 003 | OSt | ||
| 005 | 20201128021001.0 | ||
| 008 | 050308r20052008xxkb frbd2 f001 0 eng d | ||
| 020 | _a9780199535699 | ||
| 041 | 1 |
_aeng _hita |
|
| 082 | 0 | 4 |
_a320.01 _222 _bMAC |
| 100 | 1 |
_933417 _aMachiavelli, Niccolò, _d1469-1527 |
|
| 240 | 1 | 0 |
_aPrincipe. _lEnglish |
| 245 | 1 | 4 |
_aThe prince / _cNiccolo Machiavelli ; translated and edited by Peter Bondanella ; with an introduction by Maurizio Viroli. |
| 250 | _bReprinted. | ||
| 260 |
_aOxford, United Kingdom : _bOxford University Press, _cc.2005. |
||
| 300 |
_ali, 133 p. : _bmap ; _c20 cm. |
||
| 490 | 0 | _aOxford world's classics | |
| 500 | _aIndex : p. 131-133. | ||
| 500 | _aGlossary : p. 114-130. | ||
| 500 | _aReprint of the 2005 ed. | ||
| 504 | _aBibliography : p. xlii-xlix. | ||
| 650 | 0 |
_aPolitical science _vEarly works to 1800 _91263 |
|
| 650 | 0 |
_aPolitical ethics _933418 |
|
| 653 |
_bBUSBOL _cOctober2013 _cFebruary2014 |
||
| 655 |
_vreading book _934232 |
||
| 700 | 1 |
_91265 _aBondanella, Peter E. _d1943- _etranslator. |
|
| 700 | 1 |
_91266 _aViroli, Maurizio _eauthor of introduction, etc. |
|
| 942 |
_2ddc _cBB _k320.01 MAC |
||
| 999 |
_c17703 _d17675 |
||